<?xml version="1.0" encoding="UTF-8"?>
<collection xmlns="http://www.loc.gov/MARC21/slim">
<record>
  <controlfield tag="001">164389</controlfield>
  <controlfield tag="005">20251203145550.0</controlfield>
  <datafield tag="037" ind1=" " ind2=" ">
    <subfield code="a">TAZ-TFM-2025-388</subfield>
  </datafield>
  <datafield tag="041" ind1=" " ind2=" ">
    <subfield code="a">eng</subfield>
  </datafield>
  <datafield tag="100" ind1="1" ind2=" ">
    <subfield code="a">Nassrani, Joey</subfield>
  </datafield>
  <datafield tag="242" ind1="0" ind2="0">
    <subfield code="a">EFFECT OF ASPARAGOPSIS ARMATA ON RUMINAL FERMENTATION PROFILE AND METHANE PRODUCTION IN VITRO</subfield>
  </datafield>
  <datafield tag="245" ind1="0" ind2="0">
    <subfield code="a">EFECTO DE ASPARAGOPSIS ARMATA SOBRE EL PERFIL DE FERMENTACIÓN RUMINAL Y LA PRODUCCIÓN DE METANO IN VITRO</subfield>
  </datafield>
  <datafield tag="260" ind1=" " ind2=" ">
    <subfield code="a">Zaragoza</subfield>
    <subfield code="b">Universidad de Zaragoza</subfield>
    <subfield code="c">2025</subfield>
  </datafield>
  <datafield tag="506" ind1=" " ind2=" ">
    <subfield code="a">by-nc-sa</subfield>
    <subfield code="b">Creative Commons</subfield>
    <subfield code="c">3.0</subfield>
    <subfield code="u">http://creativecommons.org/licenses/by-nc-sa/3.0/</subfield>
  </datafield>
  <datafield tag="520" ind1=" " ind2=" ">
    <subfield code="a">Las emisiones de metano (CH₄) durante la fermentación ruminal representan un desafío ambiental y una pérdida energética en la producción de rumiantes. Asparagopsis armata, una macroalga roja rica en compuestos halogenados como el bromoformo, se presenta como un aditivo natural para mitigar la producción de CH4. Este estudio evaluó su efecto sobre la fermentación ruminal in vitro utilizando líquido ruminal (LR) de vaca lechera y de ternero de engorde. Se evaluaron dos dietas: una alta en concentrado (90:10, C) y otra alta en forraje (60:40, F), con inclusión de A. armata en 0% (Control), 0,3%, 0,6%, 1,2% y 2,4% MO. Se analizaron la producción de CH₄, la producción total de gas (PTG), el pH, el nitrógeno amoniacal, la degradabilidad in vitro y la concentración de ácidos grasos volátiles (AGV). Los resultados mostraron una reducción significativa y dependiente de la dosis en la producción de CH₄ en ambos ensayos y dietas (p &lt; 0.05). En el LR de vaca lechera, la inclusión de 0,6% MO de A. armata redujo la producción de CH₄ disminuyó en un 62,5% y 59,2%  en las dietas C y F, respectivamente. A niveles de 1,2% y 2,4% MO de A. armata, la producción de CH₄ se redujo completamente (100%). En el LR de ternero, se observó una reducción de CH₄ similar a partir de una inclusión del 1,2% MO de A. armata en la dieta C y 2,4% en la dieta F. Aunque la PTG no se vio afectada en LR de vaca, sí se redujo significativamente en LR de ternero a niveles altos de inclusión. La producción total de AGVs se mantuvo estable en el LR de vaca lechera, pero disminuyó significativamente en el LR de ternero a dosis más elevadas (1,2% y 2,4%). No se observaron efectos significativos sobre la degradabilidad in vitro a ninguna de las dosis de inclusión de A. armata dentro de las dietas. La reducción de la relación acetato:propionato con el aumento de la inclusión de A. armata sugiere un cambio en la utilización del hidrógeno, favoreciendo la producción de propionato. Estos hallazgos indican que la suplementación con A. armata al 0,6% MO puede reducir la producción de CH₄ en más del 50% en el LR de vaca sin afectar negativamente los parámetros de fermentación. No obstante, se requieren más estudios in vivo para evaluar su aplicabilidad en diferentes sistemas productivos.&lt;br />&lt;br /></subfield>
  </datafield>
  <datafield tag="521" ind1=" " ind2=" ">
    <subfield code="a">Máster Universitario en Nutrición Animal</subfield>
  </datafield>
  <datafield tag="540" ind1=" " ind2=" ">
    <subfield code="a">Derechos regulados por licencia Creative Commons</subfield>
  </datafield>
  <datafield tag="856" ind1="0" ind2=" ">
    <subfield code="f">923378@unizar.es</subfield>
  </datafield>
  <datafield tag="856" ind1="4" ind2=" ">
    <subfield code="s">2259295</subfield>
    <subfield code="u">http://zaguan.unizar.es/record/164389/files/TAZ-TFM-2025-388.pdf</subfield>
    <subfield code="y">Memoria (eng)</subfield>
  </datafield>
  <datafield tag="909" ind1="C" ind2="O">
    <subfield code="o">oai:zaguan.unizar.es:164389</subfield>
    <subfield code="p">driver</subfield>
    <subfield code="p">trabajos-fin-master</subfield>
  </datafield>
  <datafield tag="950" ind1=" " ind2=" ">
    <subfield code="a"></subfield>
  </datafield>
  <datafield tag="691" ind1=" " ind2=" ">
    <subfield code="a">13</subfield>
  </datafield>
  <datafield tag="692" ind1=" " ind2=" ">
    <subfield code="a">El uso de Asparagopsis armata en rumiantes puede apoyar los objetivos climáticos y ambientales de la FAO al reducir las emisiones de metano entérico, un potente gas de efecto invernadero producido durante la digestión. Esta alga inhibe la actividad de los arqueos metanógenos en el rumen, disminuyendo significativamente la producción de metano sin afectar la eficiencia digestiva. Al integrar esta estrategia en los sistemas ganaderos, se promueve una producción más sostenible, contribuyendo a la mitigación del cambio climático y al desarrollo de una ganadería baja en emisiones, en línea con las metas de sostenibilidad de la FAO.</subfield>
  </datafield>
  <datafield tag="700" ind1=" " ind2=" ">
    <subfield code="a">CASTILLEJOS VELÁZQUEZ, Lorena</subfield>
    <subfield code="e">dir.</subfield>
  </datafield>
  <datafield tag="710" ind1="2" ind2=" ">
    <subfield code="a">Universidad de Zaragoza</subfield>
    <subfield code="b">Producción Animal y Ciencia de los Alimentos</subfield>
    <subfield code="c">Producción Animal</subfield>
  </datafield>
  <datafield tag="980" ind1=" " ind2=" ">
    <subfield code="a">TAZ</subfield>
    <subfield code="b">TFM</subfield>
    <subfield code="c">VET</subfield>
  </datafield>
  <datafield tag="999" ind1=" " ind2=" ">
    <subfield code="a">20250609155857.CREATION_DATE</subfield>
  </datafield>
  <datafield tag="951" ind1=" " ind2=" ">
    <subfield code="a">deposita:2025-12-03</subfield>
  </datafield>
</record>
</collection>